000 00765nam a22002417a 4500
999 _c14593
_d14593
003 AR-CdUCM
008 190423b ||||| |||| 00| 0 spa d
020 _a978-970-718-758-0
040 _aMUNICIPALIDAD PROVINCIAL DEL CUSCO
_cBIBLIOTECA MUNICIPAL DEL CUSCO
041 _heng
082 _aPI / 803 /
_bD82
110 _aDisney / Pixar
_932793
245 _aDisney Pixar Cars :
_bUna carrera emocionante /
260 _aMéxico :
_bSilver Dolphin,
_c2011.
300 _bilustraciones,
_c20 cm.
500 _aCuentos para dormir.
650 _aLiteratura infantil
_9588
650 _aCuentos infantiles
_93927
650 _aPrimera infancia
_924660
700 _aGarzón, Jocelyn L. (traducción)
_933432
942 _2ddc
_cLIBROS
945 _aachl
_d2019-04-23